000 00366 a2200133 4500
005 20250621104024.0
020 _a0-07-007445-3
082 _a658.834 BRE
100 _aBREEN, G. E.
245 _aDo- It- Yourself Marketing Research
260 _aNew York,
_bMcGraw-Hill Book Company,
_c1977.
300 _ax, 258p.: ill.; table, figure,
_bIndex,
_c24cm.
942 _2ddc
_cBKS
999 _c542
_d542